00447nam a2200157Ia 4500008004100000020001800041082001600059100002600075245002400101250000700125260004400132300002300176500001900199600002100218650005000239240925s9999 xx 000 0 und d a9788126558957 a005.133 SNE aBedrytski, Aliaksandr 0aProfessional Python aNA aNew Delhi:bJohn Wiley and Sonsc,2016. a419p.b0fOriginal aIncludes Index aComputer Science aComputer science, information & general works